| 000 | 00616nam a2200217 a 4500 | ||
|---|---|---|---|
| 005 | 20210219153439.0 | ||
| 008 | 991125n 000 0 spa u | ||
| 035 | _aUPN01000100426 | ||
| 100 | _aKARCHER, Wolfgang | ||
| 222 | _aEDUCACION | ||
| 245 | _aSobre el significado de las competencias generales en el sector informal urbano y condiciones para su adquisicion | ||
| 300 | _a41-55 | ||
| 362 | _a1998 57-58 | ||
| 653 | 0 | _aCOMPETENCIAS | |
| 653 | 0 | _aEMPRESA | |
| 653 | 0 | _aMERCADO LABORAL | |
| 653 | 0 | _aSECTOR INFORMAL | |
| 700 | _aOVERWIEN, Bernd, coaut. | ||
| 904 |
_aAC _b038237 |
||
| 905 | _aArticulo | ||
| 999 |
_c77109 _d77109 |
||